| 000 -ლიდერი |
| ფიქსირებული სიგრძის საკონტროლო ველი |
01706nam a2200241Ia 4500 |
| 001 - საკონტროლო ნომერი |
| საკონტროლო ველი |
16345 |
| 003 - საკონტროლო ნომრის იდენტიფიკატორი |
| საკონტროლო ველი |
GE_BSU |
| 005 - ბოლო ოპერაციის თარიღი და დრო |
| საკონტროლო ველი |
20211214134826.0 |
| 008 - ფიქსირებული სიგრძის მონაცემთა ელემენტები - ზოგადი ინფორმაცია |
| ფიქსირებული სიგრძის საკონტროლო ველი |
181216s2002||||ge |||||||||||||| ||geo|| |
| 020 ## - წიგნის საერთაშორისო სტანდარტული ნომერი |
| International Standard Book Number |
9992869127 |
| 040 ## - კატალოგიზაციის წყარო |
| Transcribing agency |
GE_BSU |
| 041 ## - ენის კოდი |
| Language code of text/sound track or separate title |
geo |
| 080 ## - უნივერსალური ათობითი კლასიფიკაციის ინდექსი |
| Universal Decimal Classification number |
342.4(100) ს-17 |
| 245 ## - ცნობა სათაურის შესახებ |
| Title |
საზღვარგარეთის ქვეყნების კონსტიტუციური სამართალი : |
| Remainder of title |
[დამხმარე სახელმძღვანელო]. კრ. 2 : [ავსტრია, ეგვიპტე, ინდოეთი, ირანი, ისრაელი, პოლონეთი, პორტუგალია, საბერძნეთი, შვედეთი, შვეიცარია] / |
| Statement of responsibility, etc |
ავტ. კოლ. ხელმძღვ. და პმგ რედ.: ოთარ მელქაძე ; მსოფლიო პარლამენტარიზმის კვლევითი ცენტრი. |
| 264 ## - წარმოების, გამოცემის, დისტრიბუციის და სხვა ცნობები |
| გამოცემის, წარმოების, დისტრიბუციის... ადგილი |
თბილისი : |
| გამოცემის, წარმოების, დისტრიბუციის... სახელწოდება |
მერანი, |
| გამოცემის, წარმოების, დისტრიბუციის... თარიღი |
2002. |
| 300 ## - ფიზიკური აღწერა |
| Extent |
254 გვ.; |
| Other physical details |
20 სმ. |
| 490 ## - სერიის ცნობა |
| Series statement |
პოლიტიკურ-სამართლებრივი ლიტ. სერია ; |
| Volume number/sequential designation |
წ. VIII |
| 653 ## - INDEX TERM--UNCONTROLLED |
| Uncontrolled term |
სამართალი |
| 653 ## - INDEX TERM--UNCONTROLLED |
| Uncontrolled term |
საზღვარგარეთის ქვეყნების კონსტიტუციური სამართალი |
| 700 ## - ADDED ENTRY--PERSONAL NAME |
| Personal name |
მელქაძე, ოთარ |
| Relator term |
ავტორი, რედაქტორი. |
| 9 (RLIN) |
13288 |
| 710 ## - ADDED ENTRY--CORPORATE NAME |
| Corporate name or jurisdiction name as entry element |
მსოფლიო პარლამენტარიზმის კვლევითი ცენტრი |
| 9 (RLIN) |
2952 |
| 942 ## - ADDED ENTRY ELEMENTS (KOHA) |
| Koha item type |
წიგნი |
| Source of classification or shelving scheme |
|